<?xml version="1.0" encoding="UTF-8"?>
<collection xmlns="http://www.loc.gov/MARC21/slim">
<record>
  <controlfield tag="001">284998</controlfield>
  <controlfield tag="005">20260202104145.0</controlfield>
  <datafield tag="022" ind1=" " ind2=" ">
    <subfield code="2">(DE-600)1101159-2</subfield>
    <subfield code="a">0353-3891</subfield>
  </datafield>
  <datafield tag="022" ind1=" " ind2=" ">
    <subfield code="a">2956-0357</subfield>
  </datafield>
  <datafield tag="024" ind1="7" ind2=" ">
    <subfield code="2">ZDBID</subfield>
    <subfield code="a">PERI:(DE-600)3226275-9</subfield>
  </datafield>
  <datafield tag="024" ind1="7" ind2=" ">
    <subfield code="2">ZDBPPN</subfield>
    <subfield code="a">ZDPPN:1377314693</subfield>
  </datafield>
  <datafield tag="024" ind1="7" ind2=" ">
    <subfield code="2">EZBID</subfield>
    <subfield code="a">PERI:(DE-606)535272</subfield>
  </datafield>
  <datafield tag="024" ind1="7" ind2=" ">
    <subfield code="2">OCLC</subfield>
    <subfield code="a">OCLC:1543039106</subfield>
  </datafield>
  <datafield tag="035" ind1=" " ind2=" ">
    <subfield code="a">PERI:(DE-600)3226275-9</subfield>
  </datafield>
  <datafield tag="040" ind1=" " ind2=" ">
    <subfield code="a">0012</subfield>
    <subfield code="b">ger</subfield>
    <subfield code="c">DE-101</subfield>
    <subfield code="d">JOIN²</subfield>
    <subfield code="e">JOIN² journal identification</subfield>
  </datafield>
  <datafield tag="041" ind1=" " ind2=" ">
    <subfield code="a">eng</subfield>
  </datafield>
  <datafield tag="044" ind1=" " ind2=" ">
    <subfield code="c">XA-RS</subfield>
  </datafield>
  <datafield tag="082" ind1=" " ind2=" ">
    <subfield code="2">23sdnb</subfield>
    <subfield code="a">100</subfield>
    <subfield code="q">DE-600</subfield>
  </datafield>
  <datafield tag="082" ind1="7" ind2="4">
    <subfield code="2">23sdnb</subfield>
    <subfield code="a">100</subfield>
    <subfield code="q">DE-600</subfield>
  </datafield>
  <datafield tag="242" ind1="2" ind2="0">
    <subfield code="2">DE-600</subfield>
    <subfield code="a">Belgrade philosophical annual</subfield>
    <subfield code="b">= Filozofski godišnjak</subfield>
    <subfield code="y">en</subfield>
  </datafield>
  <datafield tag="242" ind1="2" ind2="0">
    <subfield code="2">DE-600</subfield>
    <subfield code="a">Belgrade philosophical annual</subfield>
    <subfield code="b">= Filozofski godišnjak</subfield>
  </datafield>
  <datafield tag="245" ind1=" " ind2=" ">
    <subfield code="2">DE-600</subfield>
    <subfield code="a">Belgrade philosophical annual</subfield>
    <subfield code="b">= Filozofski godišnjak</subfield>
    <subfield code="h">online, print</subfield>
  </datafield>
  <datafield tag="246" ind1="3" ind2=" ">
    <subfield code="2">DE-600</subfield>
    <subfield code="a">Belgrade philosophical annual</subfield>
  </datafield>
  <datafield tag="246" ind1="3" ind2=" ">
    <subfield code="a">Belgrade philosophical annual</subfield>
  </datafield>
  <datafield tag="246" ind1="3" ind2=" ">
    <subfield code="a">= Filozofski godišnjak</subfield>
  </datafield>
  <datafield tag="246" ind1="3" ind2=" ">
    <subfield code="a">Filozofski godišnjak</subfield>
  </datafield>
  <datafield tag="260" ind1=" " ind2=" ">
    <subfield code="a">Beograd</subfield>
    <subfield code="b">Univerzitet u Beogradu, Filozofski fakultet</subfield>
    <subfield code="c">[2013]-</subfield>
  </datafield>
  <datafield tag="260" ind1="7" ind2=" ">
    <subfield code="2">DOAJ</subfield>
    <subfield code="a">Serbia</subfield>
    <subfield code="b">University of Belgrade - Faculty of Philosophy - Institute for Philosophy</subfield>
    <subfield code="d">2024-06-03T09:28:16Z</subfield>
  </datafield>
  <datafield tag="264" ind1="3" ind2="1">
    <subfield code="a">Beograd</subfield>
    <subfield code="b">Univerzitet u Beogradu, Filozofski fakultet</subfield>
    <subfield code="c">[2013]-</subfield>
  </datafield>
  <datafield tag="362" ind1="0" ind2=" ">
    <subfield code="2">DE-600</subfield>
    <subfield code="a">Vol. 26 (2013) [?]-</subfield>
  </datafield>
  <datafield tag="363" ind1="0" ind2="1">
    <subfield code="2">DE-600</subfield>
    <subfield code="8">1.1\x</subfield>
    <subfield code="a">26</subfield>
    <subfield code="i">2013</subfield>
  </datafield>
  <datafield tag="380" ind1=" " ind2=" ">
    <subfield code="2">marcgt</subfield>
    <subfield code="a">journal</subfield>
  </datafield>
  <datafield tag="500" ind1=" " ind2=" ">
    <subfield code="a">Automatically generated record. (Updated: 2025-11-07)</subfield>
  </datafield>
  <datafield tag="650" ind1=" " ind2="7">
    <subfield code="0">4045791-6</subfield>
    <subfield code="2">gnd</subfield>
    <subfield code="9">rswk-swf</subfield>
    <subfield code="a">Philosophie</subfield>
  </datafield>
  <datafield tag="650" ind1=" " ind2="7">
    <subfield code="0">4067488-5</subfield>
    <subfield code="2">gnd</subfield>
    <subfield code="9">rswk-swf</subfield>
    <subfield code="a">Zeitschrift</subfield>
  </datafield>
  <datafield tag="653" ind1="1" ind2="0">
    <subfield code="2">DOAJ</subfield>
    <subfield code="a">metaphysics</subfield>
    <subfield code="d">2024-06-03T09:28:16Z</subfield>
  </datafield>
  <datafield tag="653" ind1="1" ind2="0">
    <subfield code="2">DOAJ</subfield>
    <subfield code="a">epistemology</subfield>
    <subfield code="d">2024-06-03T09:28:16Z</subfield>
  </datafield>
  <datafield tag="653" ind1="1" ind2="0">
    <subfield code="2">DOAJ</subfield>
    <subfield code="a">philosophy of language</subfield>
    <subfield code="d">2024-06-03T09:28:16Z</subfield>
  </datafield>
  <datafield tag="653" ind1="1" ind2="0">
    <subfield code="2">DOAJ</subfield>
    <subfield code="a">philosophy of science</subfield>
    <subfield code="d">2024-06-03T09:28:16Z</subfield>
  </datafield>
  <datafield tag="653" ind1="1" ind2="0">
    <subfield code="2">DOAJ</subfield>
    <subfield code="a">philosophical psychology</subfield>
    <subfield code="d">2024-06-03T09:28:16Z</subfield>
  </datafield>
  <datafield tag="653" ind1="1" ind2="0">
    <subfield code="2">DOAJ</subfield>
    <subfield code="a">Philosophy. Psychology. Religion: Philosophy (General)</subfield>
    <subfield code="d">2024-06-03T09:28:16Z</subfield>
  </datafield>
  <datafield tag="776" ind1="0" ind2="8">
    <subfield code="2">DE-600</subfield>
    <subfield code="d">Beograd : [Verlag nicht ermittelbar], 1988-</subfield>
    <subfield code="i">Erscheint auch als</subfield>
    <subfield code="n">Druck-Ausgabe</subfield>
    <subfield code="t">Filozofski godišnjak</subfield>
    <subfield code="w">(DE-600)1101159-2</subfield>
    <subfield code="x">0353-3891</subfield>
  </datafield>
  <datafield tag="856" ind1="4" ind2=" ">
    <subfield code="d">0</subfield>
    <subfield code="u">https://ezb.ur.de/?3226275-9</subfield>
    <subfield code="y">EZB</subfield>
  </datafield>
  <datafield tag="856" ind1="4" ind2=" ">
    <subfield code="d">0</subfield>
    <subfield code="u">https://scindeks.ceon.rs/EditorialBoard.aspx?issn=0353-3891&amp;lang=en</subfield>
    <subfield code="y">Editorial board</subfield>
  </datafield>
  <datafield tag="856" ind1="4" ind2=" ">
    <subfield code="d">0</subfield>
    <subfield code="u">https://scindeks.ceon.rs/InstructionForAuthors.aspx?issn=0353-3891&amp;lang=en</subfield>
    <subfield code="y">Instructions for Authors</subfield>
  </datafield>
  <datafield tag="856" ind1="4" ind2=" ">
    <subfield code="d">0</subfield>
    <subfield code="u">https://scindeks.ceon.rs/Portrait.aspx?issn=0353-3891&amp;lang=en</subfield>
    <subfield code="y">Scope</subfield>
  </datafield>
  <datafield tag="856" ind1="4" ind2=" ">
    <subfield code="d">0</subfield>
    <subfield code="u">https://scindeks.ceon.rs/PublicationPolicy.aspx?issn=0353-3891&amp;lang=en#ppAC</subfield>
    <subfield code="y">APC information</subfield>
  </datafield>
  <datafield tag="856" ind1="4" ind2=" ">
    <subfield code="d">0</subfield>
    <subfield code="u">https://scindeks.ceon.rs/PublicationPolicy.aspx?issn=0353-3891&amp;lang=en#ppRT</subfield>
    <subfield code="y">Review process</subfield>
  </datafield>
  <datafield tag="856" ind1="4" ind2=" ">
    <subfield code="d">0</subfield>
    <subfield code="u">https://scindeks.ceon.rs/journalDetails.aspx?issn=0353-3891&amp;lang=en</subfield>
    <subfield code="y">Journal homepage (DOAJ)</subfield>
  </datafield>
  <datafield tag="856" ind1="4" ind2=" ">
    <subfield code="d">0</subfield>
    <subfield code="u">https://scindeks.ceon.rs/journaldetails.aspx?issn=0353-3891</subfield>
    <subfield code="y">Verlag = kostenfrei</subfield>
  </datafield>
  <datafield tag="880" ind1="1" ind2=" ">
    <subfield code="2">DE-600</subfield>
    <subfield code="a">Belgrade philosophical annual</subfield>
    <subfield code="b">= Filozofski godišnjak</subfield>
  </datafield>
  <datafield tag="909" ind1="C" ind2="O">
    <subfield code="o">oai:juser.fz-juelich.de:1053847</subfield>
    <subfield code="p">authority:PERI</subfield>
    <subfield code="p">authority</subfield>
  </datafield>
  <datafield tag="915" ind1=" " ind2=" ">
    <subfield code="0">StatID:(DE-HGF)0501</subfield>
    <subfield code="2">StatID</subfield>
    <subfield code="a">DBCoverage</subfield>
    <subfield code="b">DOAJ Seal</subfield>
    <subfield code="d">2024-06-03T09:28:16Z</subfield>
  </datafield>
  <datafield tag="915" ind1=" " ind2=" ">
    <subfield code="0">StatID:(DE-HGF)0500</subfield>
    <subfield code="2">StatID</subfield>
    <subfield code="a">DBCoverage</subfield>
    <subfield code="b">DOAJ</subfield>
    <subfield code="d">2024-06-03T09:28:16Z</subfield>
  </datafield>
  <datafield tag="915" ind1=" " ind2=" ">
    <subfield code="0">StatID:(DE-HGF)0030</subfield>
    <subfield code="2">StatID</subfield>
    <subfield code="a">Peer Review</subfield>
    <subfield code="b">DOAJ : Double anonymous peer review</subfield>
    <subfield code="d">2024-06-03T09:28:16Z</subfield>
  </datafield>
  <datafield tag="915" ind1=" " ind2=" ">
    <subfield code="0">LIC:(DE-HGF)CCBYNCNV</subfield>
    <subfield code="2">V:(DE-HGF)</subfield>
    <subfield code="a">Creative Commons Attribution-NonCommercial CC BY-NC (No Version)</subfield>
    <subfield code="b">DOAJ</subfield>
    <subfield code="d">2024-06-03T09:28:16Z</subfield>
  </datafield>
  <datafield tag="980" ind1=" " ind2=" ">
    <subfield code="a">PERI</subfield>
  </datafield>
  <datafield tag="980" ind1=" " ind2=" ">
    <subfield code="a">AUTHORITY</subfield>
  </datafield>
</record>
</collection>